| 000 | 00580nam a2200193 a 4500 | ||
|---|---|---|---|
| 001 | 770 | ||
| 003 | CDMR | ||
| 005 | 20130925115320.0 | ||
| 008 | 130130s1995||||||||||||||||||||||||||||d | ||
| 020 | _a8449301432 | ||
| 040 |
_aCDMR _bcat _cCDMR |
||
| 100 | 1 |
_aOrtiz, Miguel Ángel _9600 |
|
| 245 | 1 | 0 |
_aDiseño de programas en radio _b: guiones, géneros y fómulas _cMiguel Ángel Ortiz, Federico Volpini |
| 260 |
_aBarcelona _c1995 _bPaidós |
||
| 490 | 0 |
_aPapeles de comunicación _v11 |
|
| 650 | 0 | 4 |
_93142 _aGuions radiofònics |
| 650 | 0 | 4 |
_91724 _aRàdio _xProgramació |
| 942 |
_cMON _2udc |
||
| 999 |
_c770 _d770 |
||